Computing, information systems & development informatics & Allied Research Journal (Record no. 44067)

MARC details
001 - CONTROL NUMBER
control field 17212266
003 - CONTROL NUMBER IDENTIFIER
control field 20260127161346.0
005 - DATE AND TIME OF LATEST TRANSACTION
control field 20260127163055.0
008 - FIXED-LENGTH DATA ELEMENTS--GENERAL INFORMATION
fixed length control field 120416c20109999lauqx p o | a0eng
010 ## - LIBRARY OF CONGRESS CONTROL NUMBER
LC control number 2012203017
022 0# - INTERNATIONAL STANDARD SERIAL NUMBER
International Standard Serial Number 2167-1710
Source 1
035 ## - SYSTEM CONTROL NUMBER
System control number (OCoLC)785822262
037 ## - SOURCE OF ACQUISITION
Source of stock number/acquisition Trans-Atlantic Management Consultants, 2580 Fairham Drive, Baton Rouge, LA 70816
Terms of availability $20.00 (single issue)
040 ## - CATALOGING SOURCE
Original cataloging agency DLC
Language of cataloging eng
Transcribing agency DLC
Modifying agency DLC
-- OCLCQ
-- OCLCF
-- OCLCO
-- OCLCQ
-- DLC
-- OCLCL
Description conventions rda
042 ## - AUTHENTICATION CODE
Authentication code pcc
-- nsdp
050 00 - LIBRARY OF CONGRESS CALL NUMBER
Classification number T58.5 .C66/
082 10 - DEWEY DECIMAL CLASSIFICATION NUMBER
Classification number 004
Edition number 14
210 0# - ABBREVIATED TITLE
Abbreviated title Comput. inf. syst. dev. inform. j.
222 #0 - KEY TITLE
Key title Computing, information systems & development informatics journal
245 00 - TITLE STATEMENT
Title Computing, information systems & development informatics & Allied Research Journal
246 1# - VARYING FORM OF TITLE
Title proper/short title Computing, information systems and development informatics journal
246 1# - VARYING FORM OF TITLE
Title proper/short title Computing, information systems & development informatics
260 ## - PUBLICATION, DISTRIBUTION, ETC. (IMPRINT)
Materials specified 2024
Place of publication, distribution, etc Baton Rouge, LA :
Name of publisher, distributor, etc Trans-Atlantic Management Consultants
260 2# - PUBLICATION, DISTRIBUTION, ETC. (IMPRINT)
Materials specified 2024
Place of publication, distribution, etc Ibadan, Nigeria :
Name of publisher, distributor, etc Freedom Publishers
264 ## - PUBLICATION, DISTRIBUTION, ETC. (IMPRINT)
Place of publication, distribution, etc Ibadan, Nigeria :
Name of publisher, distributor, etc Freedom Publishers
Date of publication, distribution, etc 2024
300 ## - PHYSICAL DESCRIPTION
Other physical details 92 p. :ill. 30 cm
310 ## - CURRENT PUBLICATION FREQUENCY
Current publication frequency Four times a year
336 ## - CONTENT TYPE
Content type term text
Content type code txt
Source rdacontent
337 ## - MEDIA TYPE
Media type term computer
Media type code c
Source rdamedia
338 ## - CARRIER TYPE
Carrier type term online resource
Carrier type code cr
Source rdacarrier
362 1# - DATES OF PUBLICATION AND/OR SEQUENTIAL DESIGNATION
Dates of publication and/or sequential designation Began with vol. 15, No. 1
650 #0 - SUBJECT ADDED ENTRY--TOPICAL TERM
Topical term or geographic name as entry element Computer science
Form subdivision Periodicals.
650 #0 - SUBJECT ADDED ENTRY--TOPICAL TERM
Topical term or geographic name as entry element Information technology
Form subdivision Periodicals.
650 #7 - SUBJECT ADDED ENTRY--TOPICAL TERM
Topical term or geographic name as entry element Computer science.
Source of heading or term fast
Authority record control number (OCoLC)fst00872451
650 #7 - SUBJECT ADDED ENTRY--TOPICAL TERM
Topical term or geographic name as entry element Information technology.
Source of heading or term fast
Authority record control number (OCoLC)fst00973089
655 #7 - INDEX TERM--GENRE/FORM
Genre/form data or focus term Periodicals.
Source of term fast
Authority record control number (OCoLC)fst01411641
710 2# - ADDED ENTRY--CORPORATE NAME
Corporate name or jurisdiction name as entry element Trans-Atlantic Management Consultants.
906 ## - LOCAL DATA ELEMENT F, LDF (RLIN)
a 7
b cbc
c serorig
d 2
e ncip
f 20
g n-oclcserc
942 ## - ADDED ENTRY ELEMENTS (KOHA)
Source of classification or shelving scheme Library of Congress Classification
Koha item type JOURNALS

No items available.